Treba sa obávať rizika? prečo nie je epidurálna analgézia pre všetky rodičky

Podrobná bibliografia
Hlavný autor: Pauliny-Danielisová, Mariana, 1947- (Autor)
Médium: Článok
Jazyk:slovenčina
ISSN:0044-1953
Predmet:

MARC

LEADER 00000nab a2200000 a 4500
001 vtls000784938
003 SK-MaSNL
005 20260302154956.0
008 180206c2001 xo 0 slo
015 |a SNBRB2002/02-07202 
035 |a CLN000136609 
040 |a SNKBUCL  |b slo  |c SNKBUCL  |e AACR2 
041 0 |a slo 
044 |a xo  |c SK 
080 |a 618.4-089.5:611.839  |2 UDC-MRF-SK2 
080 |a 611.839  |2 UDC-MRF-SK2 
100 1 |a Pauliny-Danielisová, Mariana,  |d 1947-  |4 aut  |9 37124 
245 1 0 |a Treba sa obávať rizika?  |b prečo nie je epidurálna analgézia pre všetky rodičky  |c Mariana Paulinyová 
650 0 7 |a pôrod  |x analgézia epidurálna  |2 snkbucl  |9 852669 
650 0 7 |a epidurálna analgézia  |2 snkbucl  |9 132455 
655 7 |a články z novín a časopisov  |2 snkbucl  |9 267496 
773 0 |x 0044-1953  |t Zdravie  |g Roč. 57, č. 11 (2001), s. 11 
850 |a Slovenská národná knižnica v Martine 
852 |a SNK  |b KIS3GCP 
958 |a RBX 
999 |c 1369983  |d 1371913